| 000 | 02030nam a22005057a 4500 | ||
|---|---|---|---|
| 001 | 000096618 | ||
| 003 | CHAP | ||
| 005 | 20220329143203.0 | ||
| 008 | 061128d2006 mx abd r 00110 spa d | ||
| 010 | _a93084 | ||
| 011 | _a94056 | ||
| 035 | _a104640 | ||
| 040 | _cCHAP | ||
| 090 | _aTesis | ||
| 100 | 1 |
_aArenas Hernández, Ana María. _96956 |
|
| 245 | 1 | 0 |
_aEvaluación técnico-financiera para la producción del gusano rojo de maguey - Organización Ambientalista Tlaxcalteca Ometeotl, A. C. Edo. de Tlaxcala, México / _c/por Ana María Arenas Hernández y Angélica León García. |
| 260 |
_aChapingo, Méx. : _bEl autor, _c2006. |
||
| 300 |
_a89 h. : _bilus. ; mapa ; gráfs. ; cuadros ; diagrama. |
||
| 502 | _aTesis (Ing. Agr. Esp. en Economía Agrícola) -- UACH. División de Ciencias Económico Administrativas | ||
| 590 |
_aALEPH _b10 _c20130110 _lUCH01 _h1515 |
||
| 590 |
_aBATCH-UPD _b10 _c20130110 _lUCH01 _h0613 |
||
| 590 |
_aBATCH-UPD _b10 _c20130410 _lUCH01 _h0255 |
||
| 590 |
_aBATCH-UPD _b10 _c20130410 _lUCH01 _h1623 |
||
| 590 |
_aBATCH-UPD _b10 _c20130914 _lUCH01 _h1052 |
||
| 590 |
_aBATCH-UPD _b10 _c20140324 _lUCH01 _h1500 |
||
| 590 |
_aBATCH-UPD _b10 _c20141002 _lUCH01 _h0832 |
||
| 590 |
_aBATCH _b00 _c20181121 _lUCH01 _h0758 |
||
| 590 |
_aCONVERSION _b10 _c20130109 _lUCH01 _h1351 |
||
| 590 |
_aE12093SGE _b10 _c20130718 _lUCH01 _h1327 |
||
| 650 | 1 | 4 |
_aAgave _zTlaxcala. _91100 |
| 650 | 1 | 4 |
_aCossus redtenbachi. _928472 |
| 650 | 1 | 4 |
_aDesforestación. _932131 |
| 650 | 1 | 4 |
_aFinanzas _xEvaluación. _940940 |
| 650 | 1 | 4 |
_aMedio ambiente _xConservación. _974068 |
| 650 | 1 | 4 |
_aReforestación _zTlaxcala. _995514 |
| 700 | 1 |
_aLeón García, Angélica. _966121 |
|
| 856 |
_3Finding aid _uhttp://10.13.5.2/tesis/104640.pdf _zTeclea aquí |
||
| 856 |
_a1 _n0000497 |
||
| 901 | _aBK | ||
| 905 | _aMarco A. Mendoza T. | ||
| 942 | _cCD | ||
| 942 | _n0 | ||
| 949 |
_aTesis _bBC _cTES _d33724002008652 _eTS1 _gDonaciØn _h46112 _i104640 _sb |
||
| 949 |
_aTesis _bBC _cTES _d33724002008660 _eTS2 _fc.2 _gDonaciØn _h46113 _i104640 _si |
||
| 999 |
_c93084 _d93084 |
||